ՀՀ Գիտությունների ազգային ակադեմիայի հիմնարար գիտական գրադարան  =   Fundamental Scientific Library of NAS RA

Чехов : (Record no. 274447)

MARC details
000 -LEADER
fixed length control field 00840nam a2200229 u 4500
001 - CONTROL NUMBER
control field 000742037
003 - CONTROL NUMBER IDENTIFIER
control field AM-YeHGA
005 - DATE AND TIME OF LATEST TRANSACTION
control field 20250617143409.0
008 - FIXED-LENGTH DATA ELEMENTS--GENERAL INFORMATION
fixed length control field 100610s1983 |||| |||||||||||||rus d
040 ## - CATALOGING SOURCE
Original cataloging agency AM-YeHGA
041 0# - LANGUAGE CODE
Language code of text/sound track or separate title rus
090 ## - LOCALLY ASSIGNED LC-TYPE CALL NUMBER (OCLC); LOCAL CALL NUMBER (RLIN)
-- 276091
100 1# - MAIN ENTRY--PERSONAL NAME
Personal name Малюгин, Леонид Антонович
245 10 - TITLE STATEMENT
Title Чехов :
Remainder of title Повесть-хроника /
Statement of responsibility, etc. Л. Малюгин, И. Гитович; Ред. М.И. Самойлова.
260 ## - PUBLICATION, DISTRIBUTION, ETC.
Place of publication, distribution, etc. Москва :
Name of publisher, distributor, etc. Сов. писатель,
Date of publication, distribution, etc. 1983.
300 ## - PHYSICAL DESCRIPTION
Extent 576 с. ;
Dimensions 21 см.
600 04 - SUBJECT ADDED ENTRY--PERSONAL NAME
Personal name Чехов, Антон Павлович
650 14 - SUBJECT ADDED ENTRY--TOPICAL TERM
Topical term or geographic name entry element Писатели русские (х. л.)
650 14 - SUBJECT ADDED ENTRY--TOPICAL TERM
Topical term or geographic name entry element Россия, 19-20 вв. (х. л.)
700 1# - ADDED ENTRY--PERSONAL NAME
Personal name Гитович, Ирина Евгеньевна
700 1# - ADDED ENTRY--PERSONAL NAME
Personal name Самойлова, М.И.
Relator term ред.
Relationship edt
Holdings
Withdrawn status Lost status Damaged status Not for loan Collection Home library Current library Date acquired Total checkouts Full call number Barcode Date last seen Price effective from Koha item type Public note
        General Fundamental Scientific Library Fundamental Scientific Library 29/12/2016   PII/514642 FL0205446 29/12/2016 29/12/2016 Գրքեր / Books 30 Days Loan


ՀՀ ԳԱԱ հիմնարար գիտական գրադարան
ՀՀ,Երևան 0019
Մարշալ Բաղրամյան 24/6
հեռախոս:(374-10) 52-47-50
Հետադարձ կապ

All site content, except where otherwise noted, is licensed under a
Creative Commons License